000 00602nam a22002177a 4500
003 UA-OsUOA
001 39049
007 ta
008 20060608b un ||||| |||| 00| 0 ukr d
100 _aГорбачова Наталя
090 _a77
_bГ11
942 _cSA
040 _aUA-OsUOA
_bukr
_cUA-OsUOA
_dUA-OsUOA
245 _a"Фільм про свободу і вільних людей"
300 _a9 с.
955 _a0
041 _aukr
080 _a77
773 0 _w39048
650 7 _a77 Фотографія, кінематографія та подібні процеси
_2UDC
999 _c325192
_d325192